MARC

LEADER 00000nam0a2200000 4500
001 359863
005 20231102011227.0
035 |a (RuTPU)RU\TPU\retro\17169 
090 |a 359863 
100 |a 20210125d1964 m y0rusy50 ca 
101 0 |a rus 
102 |a RU 
105 |a a z 000zy 
200 1 |a Homo sapiens. Человек разумный  |f Владимир Келер  |g науч. ред. А. И. Берг 
210 |a Москва  |c Молодая гвардия  |d 1964 
215 |a 220, [2] с.  |c ил. 
316 |5 63413507: М-3674  |a На титульном листе дарственная надпись: "В научно-техническую библиотеку ТПИ. Я сам почувствовал себя впервые по настоящему homo sapiens'ом, когда окончил родной мой Томский технологический институт. Вл. Келер 6 марта 1979" 
606 1 |a Человек  |x Происхождение и развитие  |x (антропология)  |2 stltpush  |3 (RuTPU)RU\TPU\subj\67056  |9 82946 
610 1 |a научно-популярная литература 
610 1 |a Коллекция ТПУ 
610 1 |a выпускники ТТИ 
610 1 |a дарственные надписи 
610 1 |a дары автора 
610 1 |a дары библиотеке 
610 1 |a человек 
610 1 |a человеческий мозг 
610 1 |a жизнь 
610 1 |a эволюция 
610 1 |a знания 
610 1 |a наука 
610 1 |a природа 
610 1 |a прогресс 
610 1 |a Земля 
610 1 |a народонаселение 
610 1 |a открытия 
610 1 |a познание внешнего мира 
675 |a 572  |v 4 
700 1 |a Келер  |b В. Р.  |c русский советский прозаик  |c писал в жанре научно-популярной литературы  |c выпускник механического факультета ТТИ 1930 г.  |f 1908-1985  |g Владимир Романович  |2 stltpush  |3 (RuTPU)RU\TPU\pers\15918 
702 1 |a Берг  |b А. И.  |c российский ученый-радиотехник  |c академик АН СССР (1946)  |f 1893-1979  |g Аксель Иванович  |2 stltpush  |3 (RuTPU)RU\TPU\pers\15054  |4 340  |9 5156 
801 1 |a RU  |b 63413507  |c 20210125 
801 2 |a RU  |b 63413507  |c 20210125  |g RCR 
942 |c BK